Project Runway Season 11 - Statistics

General Stats
  • This quiz has been taken 118 times
  • The average score is 13 of 16
Answer Stats
Place Finished Designer % Correct
8th place Amanda Valentine
100%
11th place Benjamin Mach
100%
4th place Daniel Esquivel
100%
13th place Joseph Aaron Segal
100%
9th place Katelyn "Kate" Pankoke*
100%
Winner Michelle Lesniak Franklin
100%
Runner Up Patricia Michaels
100%
3rd place Stanley Hudson
100%
16th place Emily Pollard
75%
6th place Richard Hallmarq
75%
10th place Tu Suthiwat Nakchat
75%
14th place Cindy Marlatt
50%
15th place James Martinez
50%
5th place Layana Aguilar
50%
12th place Matthew Arthur
50%
7th place Samantha Black
50%
No matching quizzes found
Score Distribution
Percent of People with Each Score
Percentile by Number Answered
Your Score History
You have not taken this quiz